书目信息 |
| 题名: |
天下印书杭为上
|
|
| 作者: | 顾志兴 著 | |
| 分册: | ||
| 出版信息: | 杭州 杭州出版社 2022 |
|
| 页数: | 168页 | |
| 开本: | 24cm | |
| 丛书名: | 杭州优秀传统文化丛书 | |
| 单 册: | ||
| 中图分类: | TS8-092.551 , TS8 | |
| 科图分类: | ||
| 主题词: | 印刷史--杭州 | |
| 电子资源: | ||
| ISBN: | 978-7-5565-1706-0 | |
| 000 | 00884nam0 2200253 450 | |
| 001 | 2341321028 | |
| 005 | 20231204112853.38 | |
| 010 | @a978-7-5565-1706-0@dCNY55.00 | |
| 100 | @a20220818d2022 em y0chiy50 ea | |
| 101 | 0 | @achi |
| 102 | @aCN@b330000 | |
| 105 | @aa z 000yy | |
| 200 | 1 | @a天下印书杭为上@Atian xia yin shu hang wei shang@f顾志兴著 |
| 210 | @a杭州@c杭州出版社@d2022 | |
| 215 | @a168页@c图@d24cm | |
| 225 | 1 | @a杭州优秀传统文化丛书 |
| 330 | @a本书共分以下章节:“印刷之光·吴越钱俶”“北宋监本·多为杭刻”“活字版印·毕昇发明”“南宋石经·高宗书写”“南宋御街·书坊林立”“诗刊遍唐·陈起功巨”“剑南诗稿·梅城刊印”“精美绝伦·韩柳诗集”等。 | |
| 410 | 0 | @12001 @a杭州优秀传统文化丛书 |
| 606 | 0 | @a印刷史@y杭州 |
| 690 | @aTS8-092.551@v5 | |
| 690 | @aTS8@v4 | |
| 701 | 0 | @a顾志兴@Agu zhi xing@4著 |
| 801 | 0 | @aCN@b91MARC@c20220903 |
| 905 | @aZUCC@dTS8@e17 | |
| 天下印书杭为上/顾志兴著.-杭州:杭州出版社,2022 |
| 168页:图;24cm.-(杭州优秀传统文化丛书) |
| ISBN 978-7-5565-1706-0:CNY55.00 |
| 本书共分以下章节:“印刷之光·吴越钱俶”“北宋监本·多为杭刻”“活字版印·毕昇发明”“南宋石经·高宗书写”“南宋御街·书坊林立”“诗刊遍唐·陈起功巨”“剑南诗稿·梅城刊印”“精美绝伦·韩柳诗集”等。 |
| ● |
| 相关链接 |
|
|
|
正题名:天下印书杭为上
索取号:TS8/17
 
预约/预借
| 序号 | 登录号 | 条形码 | 馆藏地/架位号 | 状态 | 备注 |
| 1 | 2001258643 | 2001258643 | 辽宁北方(第一批)/辽宁北方(第一批)/130/ [索取号:TS8/17] | 在馆 | |
| 2 | 2001258644 | 2001258644 | 辽宁北方(第一批)/辽宁北方(第一批)/130/ [索取号:TS8/17] | 在馆 | |
| 3 | 2001258645 | 2001258645 | 辽宁北方(第一批)/辽宁北方(第一批)/130/ [索取号:TS8/17] | 在馆 | |
| 4 | 2001258646 | 2001258646 | 辽宁北方(第一批)/辽宁北方(第一批)/130/ [索取号:TS8/17] | 在馆 | |
| 5 | 2001258647 | 2001258647 | 辽宁北方(第一批)/辽宁北方(第一批)/130/ [索取号:TS8/17] | 在馆 | |
| 6 | 2001258648 | 2001258648 | 辽宁北方(第一批)/辽宁北方(第一批)/130/ [索取号:TS8/17] | 在馆 |